[Event "Milan Crespi op-B 31th"]
[Site "Milan"]
[Date "2010.12.08"]
[Round "6"]
[White "Guidi, Paolo"]
[Black "De Santis, Massimiliano"]
[Result "0-1"]
[WhiteElo "1874"]
[BlackElo "1914"]
[PlyCount "45"]
[EventDate "2010.12.04"]
[EventType "swiss"]
[EventRounds "7"]
[EventCountry "ITA"]
[SourceTitle "EXT 2024"]
[Source "ChessBase"]
[SourceDate "2023.10.10"]
[SourceVersion "1"]
[SourceVersionDate "2023.10.10"]
[SourceQuality "1"]

1. Nf3 Nf6 2. d4 d5 3. e3 Nbd7 4. Bd3 c5 5. b3 Qc7 6. c4 e5 7. dxe5 Nxe5 8. Bb2 Nxd3+ 9. Qxd3 dxc4 10. Qxc4 Be7 11. e4 Be6 12. Qb5+ Bd7 13. Qe2 0-0 14. 0-0 a6 15. Re1 Bb5 16. Qc2 Rfd8 17. Nd4 Ng4 18. Nf3 Bd3 19. Qc1 c4 20. Qc3 f6 21. Ba3 Bxa3 22. Nxa3 Qc5 23. Nc2 0-1

[Event "Milan Crespi op-B 31th"]
[Site "Milan"]
[Date "2010.12.05"]
[Round "3"]
[White "De Santis, Massimiliano"]
[Black "Invernizzi, Ferruccio"]
[Result "1/2-1/2"]
[WhiteElo "1914"]
[BlackElo "1748"]
[PlyCount "59"]
[EventDate "2010.12.04"]
[EventType "swiss"]
[EventRounds "7"]
[EventCountry "ITA"]
[SourceTitle "EXT 2024"]
[Source "ChessBase"]
[SourceDate "2023.10.10"]
[SourceVersion "1"]
[SourceVersionDate "2023.10.10"]
[SourceQuality "1"]

1. e4 d6 2. d4 Nf6 3. Nc3 g6 4. f3 Bg7 5. Be3 c6 6. Bd3 Nbd7 7. Nge2 e5 8. Qd2 b5 9. a3 a5 10. 0-0 0-0 11. b4 Bb7 12. Kh1 axb4 13. axb4 Qc7 14. d5 cxd5 15. Nxb5 Qc6 16. exd5 Nxd5 17. Bf2 Nf4 18. Nxf4 exf4 19. Rxa8 Rxa8 20. Qxf4 Ne5 21. Nd4 Nxd3 22. cxd3 Qc3 23. Qxd6 Qxd3 24. Re1 Qd2 25. Kg1 Bf8 26. Qb6 Qxb4 27. Qxb4 Bxb4 28. Rb1 Bc3 29. Nb5 Be5 30. Bd4 1/2-1/2

[Event "Milan Crespi op-B 31th"]
[Site "Milan"]
[Date "2010.12.04"]
[Round "1"]
[White "Lanni, Vincenzo"]
[Black "De Santis, Massimiliano"]
[Result "1/2-1/2"]
[WhiteElo "1803"]
[BlackElo "1914"]
[PlyCount "94"]
[EventDate "2010.12.04"]
[EventType "swiss"]
[EventRounds "7"]
[EventCountry "ITA"]
[SourceTitle "EXT 2024"]
[Source "ChessBase"]
[SourceDate "2023.10.10"]
[SourceVersion "1"]
[SourceVersionDate "2023.10.10"]
[SourceQuality "1"]

1. d4 d5 2. g3 Nf6 3. Bg2 c6 4. Nf3 Nbd7 5. 0-0 e6 6. Nbd2 Bd6 7. c3 0-0 8. Qc2 e5 9. dxe5 Nxe5 10. e4 Re8 11. Nxe5 Bxe5 12. exd5 Nxd5 13. Nc4 Bc7 14. Ne3 Be6 15. Nxd5 Bxd5 16. Bxd5 Qxd5 17. Be3 Qf3 18. Rad1 Qg4 19. Rd4 Qg6 20. Qxg6 hxg6 21. Rd7 Rac8 22. Rfd1 a6 23. c4 Rcd8 24. b4 b5 25. c5 Rc8 26. Kg2 Re4 27. a3 a5 28. Kf3 Rc4 29. R1d4 Rxd4 30. Bxd4 axb4 31. axb4 Kf8 32. Be3 Ke8 33. Rd3 f6 34. h4 Rd8 35. Rxd8+ Kxd8 36. g4 Ke7 37. Ke4 Ke6 38. Kd3 Bh2 39. Ke4 Bc7 40. f4 f5+ 41. Kf3 Bd8 42. g5 Kf7 43. Bd4 Be7 44. Ke3 Bf8 45. Kd3 Ke6 46. Be5 Kf7 47. Kd4 Ke6 1/2-1/2

[Event "Paris-ch op-A"]
[Site "Paris"]
[Date "2010.07.11"]
[Round "9"]
[White "De Santis, Massimiliano"]
[Black "Larcheveque, Francois"]
[Result "0-1"]
[WhiteElo "1925"]
[BlackElo "2015"]
[PlyCount "52"]
[EventDate "2010.07.03"]
[EventType "swiss"]
[EventRounds "9"]
[EventCountry "FRA"]
[SourceTitle "CBM 137 Extra"]
[Source "ChessBase"]
[SourceDate "2010.09.01"]
[SourceVersion "1"]
[SourceVersionDate "2010.09.01"]
[SourceQuality "1"]

1. e4 e6 2. d4 d5 3. Nd2 Nf6 4. e5 Nfd7 5. Bd3 c5 6. c3 Nc6 7. Ne2 Qb6 8. Nf3 cxd4 9. cxd4 f6 10. exf6 Nxf6 11. 0-0 Bd6 12. a3 0-0 13. b4 e5 14. dxe5 Nxe5 15. Nxe5 Bxe5 16. Ra2 Ng4 17. Ng3 Bd4 18. Qe1 Bd7 19. Nh1 Rae8 20. Re2 Ne5 21. Rxe5 Bxe5 22. Qd1 Kh8 23. Qh5 g6 24. Qd1 Bg7 25. Be3 d4 26. Bd2 Bb5 0-1

[Event "Paris-ch op-A"]
[Site "Paris"]
[Date "2010.07.10"]
[Round "8"]
[White "Pietinen, Pekka"]
[Black "De Santis, Massimiliano"]
[Result "1/2-1/2"]
[WhiteElo "2030"]
[BlackElo "1925"]
[PlyCount "66"]
[EventDate "2010.07.03"]
[EventType "swiss"]
[EventRounds "9"]
[EventCountry "FRA"]
[SourceTitle "CBM 137 Extra"]
[Source "ChessBase"]
[SourceDate "2010.09.01"]
[SourceVersion "1"]
[SourceVersionDate "2010.09.01"]
[SourceQuality "1"]

1. e4 e5 2. Nf3 Nf6 3. Nc3 Bb4 4. Bc4 d6 5. h3 Bxc3 6. dxc3 h6 7. Be3 Qe7 8. Nd2 Be6 9. Bb5+ Nbd7 10. c4 a6 11. Ba4 0-0 12. g4 Nc5 13. Bb3 Nfxe4 14. Nxe4 Nxe4 15. Qf3 Nc5 16. h4 e4 17. Qg2 Nxb3 18. axb3 d5 19. cxd5 Bxd5 20. 0-0-0 Rad8 21. g5 h5 22. g6 f6 23. Rd4 Bc6 24. Rc4 Qe5 25. Rc5 Rd5 26. Rxd5 Qxd5 27. Qg3 Rd8 28. Qxc7 Qd7 29. Qa5 Qd5 30. Qb4 Qf5 31. Qe7 Qd7 32. Qc5 Qd5 33. Qe7 Qd7 1/2-1/2

[Event "Paris-ch op-A"]
[Site "Paris"]
[Date "2010.07.03"]
[Round "1"]
[White "De Santis, Massimiliano"]
[Black "Debeaune, Robin"]
[Result "0-1"]
[WhiteElo "1925"]
[BlackElo "2115"]
[PlyCount "100"]
[EventDate "2010.07.03"]
[EventType "swiss"]
[EventRounds "9"]
[EventCountry "FRA"]
[SourceTitle "CBM 137 Extra"]
[Source "ChessBase"]
[SourceDate "2010.09.01"]
[SourceVersion "1"]
[SourceVersionDate "2010.09.01"]
[SourceQuality "1"]

1. e4 c5 2. c3 Nf6 3. e5 Nd5 4. d4 cxd4 5. cxd4 d6 6. Nf3 Nc6 7. h3 Bf5 8. Bd3 Bxd3 9. Qxd3 e6 10. 0-0 Be7 11. a3 0-0 12. Bd2 Qc7 13. Re1 Rfd8 14. Qe4 Rac8 15. Nc3 dxe5 16. dxe5 Qb6 17. Rab1 Qb3 18. Nxd5 Rxd5 19. Re3 Qa2 20. Bc3 Rcd8 21. Rbe1 h6 22. R3e2 Qb3 23. Nd2 Qb6 24. Nc4 Qc7 25. Qg4 Nd4 26. Ne3 Nxe2+ 27. Rxe2 Rd3 28. Qa4 Bc5 29. Qc4 Qc6 30. Qf4 Bxe3 31. Rxe3 Rxe3 32. Qxe3 b6 33. Qe2 b5 34. Bb4 Rd5 35. Kh2 Qc1 36. Bc3 Qf4+ 37. Kg1 Qa4 38. Qf3 Qd1+ 39. Qxd1 Rxd1+ 40. Kh2 Kf8 41. Kg3 Ke8 42. Kf3 Rd5 43. Ke4 Kd7 44. f4 Rd1 45. Kf3 Kc6 46. Ke4 Rg1 47. Kf3 Kd5 48. Bb4 g6 49. g4 Kc4 50. Bc3 Rd1 0-1

[Event "Milan Epiphany op"]
[Site "Milan"]
[Date "2010.01.02"]
[Round "1"]
[White "De Santis, Massimiliano"]
[Black "Bertazzo, Giorgio"]
[Result "1/2-1/2"]
[WhiteElo "1893"]
[BlackElo "2105"]
[PlyCount "63"]
[EventDate "2010.01.02"]
[EventType "swiss"]
[EventRounds "7"]
[EventCountry "ITA"]
[SourceTitle "EXT 2024"]
[Source "ChessBase"]
[SourceDate "2023.10.10"]
[SourceVersion "1"]
[SourceVersionDate "2023.10.10"]
[SourceQuality "1"]

1. e4 e5 2. Nf3 Nc6 3. Bb5 g6 4. c3 d6 5. h3 Bd7 6. 0-0 Bg7 7. Re1 Nge7 8. d4 0-0 9. Bg5 h6 10. Bxe7 Qxe7 11. d5 Nb8 12. Qe2 a6 13. Bxd7 Nxd7 14. Nbd2 Nf6 15. g4 Nh7 16. Qe3 f5 17. gxf5 gxf5 18. exf5 Rxf5 19. Kh2 Raf8 20. Rg1 Ng5 21. Rg3 Qf6 22. Nxg5 Rxf2+ 23. Kh1 hxg5 24. Rxg5 Qf4 25. Qxf4 R8xf4 26. Rag1 Rf7 27. R1g2 Rxg2 28. Kxg2 Kh7 29. Ne4 Bh6 30. Rg4 Rf5 31. b3 Be3 32. c4 1/2-1/2

[Event "Corsico op 31st"]
[Site "Corsico"]
[Date "2004.10.10"]
[Round "6"]
[White "Molteni, Costantino"]
[Black "De Santis, Massimiliano"]
[Result "1-0"]
[WhiteElo "1965"]
[BlackElo "1961"]
[PlyCount "93"]
[EventDate "2004.10.02"]
[EventType "swiss"]
[EventRounds "6"]
[EventCountry "ITA"]
[SourceTitle "EXT 2009"]
[Source "ChessBase"]
[SourceDate "2008.11.26"]
[SourceVersion "1"]
[SourceVersionDate "2008.11.26"]
[SourceQuality "1"]

1. Nf3 d5 2. c4 Nf6 3. cxd5 Nxd5 4. d4 g6 5. e4 Nf6 6. Nc3 Bg7 7. Be2 0-0 8. 0-0 c6 9. h3 Nbd7 10. Be3 Re8 11. Qc2 Qa5 12. Rfd1 Nf8 13. Rac1 Bd7 14. a3 Rad8 15. b4 Qc7 16. Bd3 Qb8 17. e5 Nd5 18. Nxd5 cxd5 19. Qa2 h6 20. Rc5 e6 21. Qd2 Kh7 22. Rdc1 Rc8 23. b5 Rxc5 24. Rxc5 Rc8 25. Qc2 b6 26. Rc3 Kg8 27. Ne1 g5 28. Rxc8 Qxc8 29. Qxc8 Bxc8 30. g3 Ng6 31. f4 gxf4 32. gxf4 Bf8 33. Nc2 Ne7 34. Kf2 Bd7 35. Bd2 Kg7 36. Bb4 Nc8 37. Bxf8+ Kxf8 38. Kg3 Kg7 39. Kh4 Ne7 40. Ne3 Ng6+ 41. Kg4 Ne7 42. a4 Be8 43. f5 exf5+ 44. Nxf5+ Nxf5 45. Bxf5 a6 46. bxa6 Bxa4 47. Bc8 1-0

[Event "Corsico op 31st"]
[Site "Corsico"]
[Date "2004.10.02"]
[Round "2"]
[White "De Santis, Massimiliano"]
[Black "Olivo, Mario"]
[Result "1-0"]
[WhiteElo "1961"]
[BlackElo "1805"]
[PlyCount "93"]
[EventDate "2004.10.02"]
[EventType "swiss"]
[EventRounds "6"]
[EventCountry "ITA"]
[SourceTitle "EXT 2009"]
[Source "ChessBase"]
[SourceDate "2008.11.26"]
[SourceVersion "1"]
[SourceVersionDate "2008.11.26"]
[SourceQuality "1"]

1. e4 c5 2. Nf3 d6 3. d4 cxd4 4. Nxd4 Nf6 5. Nc3 a6 6. Be2 e5 7. Nb3 Be7 8. 0-0 0-0 9. Be3 Be6 10. f3 b5 11. Qd2 Nbd7 12. Rfd1 Nb6 13. Rac1 Nc4 14. Bxc4 Bxc4 15. Qf2 Nd7 16. Nd5 Bxd5 17. Rxd5 Qc7 18. Rcd1 f5 19. exf5 Rxf5 20. c3 Nf6 21. Qd2 Rc8 22. Rd3 d5 23. Qe2 e4 24. fxe4 dxe4 25. R3d2 h6 26. Nd4 Rd5 27. Bf2 Qd7 28. Bh4 g5 29. Bg3 Rd8 30. h3 h5 31. Rf1 h4 32. Bh2 a5 33. a3 b4 34. axb4 axb4 35. Qa6 bxc3 36. bxc3 Kf7 37. Re2 Rxd4 38. cxd4 Qxd4+ 39. Kh1 e3 40. Bg1 Rd6 41. Qa2+ Kg7 42. Rxe3 Ne4 43. Qf7+ Kh6 44. Qxe7 Nf6 45. Qf8+ Kg6 46. Re7 Qd3 47. Rg7+ 1-0

[Event "Corsico op 26th"]
[Site "Corsico"]
[Date "2003.05.03"]
[Round "5"]
[White "Mazzariol, Oscar"]
[Black "De Santis, Massimiliano"]
[Result "1/2-1/2"]
[WhiteElo "2061"]
[BlackElo "1840"]
[PlyCount "65"]
[EventDate "2003.04.30"]
[EventType "swiss"]
[EventRounds "7"]
[EventCountry "ITA"]
[SourceTitle "EXT 2007"]
[Source "ChessBase"]
[SourceDate "2006.11.23"]
[SourceVersion "1"]
[SourceVersionDate "2006.11.23"]
[SourceQuality "1"]

1. e4 d5 2. exd5 Qxd5 3. Nc3 Qa5 4. d4 Nf6 5. Nf3 Bf5 6. Ne5 c6 7. Bd3 Bxd3 8. Qxd3 Nbd7 9. Nxd7 Nxd7 10. Bf4 e6 11. 0-0-0 Nf6 12. Kb1 Bb4 13. Bd2 Rd8 14. Rhe1 0-0 15. a3 Be7 16. Ne4 Qb6 17. Qg3 Nxe4 18. Rxe4 Rxd4 19. Ree1 Rfd8 20. Kc1 Bf6 21. Bc3 Rxd1+ 22. Rxd1 Rxd1+ 23. Kxd1 Qd8+ 24. Ke1 Bxc3+ 25. Qxc3 h6 26. g3 Qd5 27. h4 h5 28. Kf1 c5 29. Kg1 e5 30. Qa5 a6 31. Qb6 c4 32. c3 e4 33. a4 1/2-1/2

[Event "Salento op 6th"]
[Site "Gallipoli"]
[Date "2001.06.29"]
[Round "2"]
[White "Santurbano, Maria Vincenza"]
[Black "De Santis, Massimiliano"]
[Result "1/2-1/2"]
[WhiteElo "1771"]
[BlackElo "1693"]
[PlyCount "73"]
[EventDate "2001.06.29"]
[EventType "swiss"]
[EventRounds "6"]
[EventCountry "ITA"]
[SourceTitle "EXT 2002"]
[Source "ChessBase"]
[SourceDate "2001.11.25"]
[SourceVersion "1"]
[SourceVersionDate "2001.11.25"]
[SourceQuality "1"]

1. d4 Nf6 2. c4 e6 3. Nf3 Bb4+ 4. Bd2 Bxd2+ 5. Nbxd2 d5 6. e3 0-0 7. cxd5 exd5 8. Qc2 c6 9. Bd3 Re8 10. Ne5 h6 11. 0-0 Nbd7 12. Ndf3 Nf8 13. b4 a6 14. a4 Bd7 15. b5 cxb5 16. axb5 Bxb5 17. Bxb5 axb5 18. Rxa8 Qxa8 19. Qc7 Rc8 20. Qxf7+ Kh8 21. Nh4 Qb8 22. Neg6+ Nxg6 23. Qxg6 Rc6 24. Nf5 Qf8 25. Nh4 Qc8 26. h3 Qc7 27. Qf5 b4 28. Ng6+ Kg8 29. Nf4 Qd6 30. Ra1 Ra6 31. Rb1 Rb6 32. Nd3 Ne4 33. Qc8+ Kh7 34. Qf5+ Kg8 35. Qc8+ Kh7 36. Qf5+ Kg8 37. Qc8+ 1/2-1/2